| 000 | 00568nam a22001937a 4500 | ||
|---|---|---|---|
| 003 | OSt | ||
| 005 | 20160715173537.0 | ||
| 008 | 130729t xxu||||| |||| 00| 0 eng d | ||
| 020 | _a0590862316 | ||
| 050 |
_aPZ 7 _b.K94 1996 |
||
| 082 |
_aKF _bK93a 1996 |
||
| 100 |
_aKrulik, Nancy E. _95586 |
||
| 245 |
_aThe adventures of Mary Kate and Ashley : _bthe case of the fun house mystery / _cNancy E. Krulik |
||
| 260 |
_aLos Angeles, CA : _bDualstar Publications, _cc1996. |
||
| 300 |
_a80 p. _bcol. ill ; _c20 cm. |
||
| 562 | _e1 | ||
| 942 |
_2lcc _cBK |
||
| 999 |
_c8069 _d8069 |
||